| 000 | 00795nam a2200193 i 4500 | ||
|---|---|---|---|
| 001 | 27067 | ||
| 003 | ES-MaACL | ||
| 005 | 20230906153544.0 | ||
| 007 | t| | ||
| 008 | 030113s1967 sp ||||1| spa d | ||
| 100 | 1 |
_aArrillaga Arriola, Antonio. _923319 |
|
| 245 | 1 | 0 |
_aLo que se ha dicho de Iparraguirre _b= Iparraguirre'ren-gan esan diranak : D. José María de Iparraguirre y Valerdi, inmortal poeta, músico y bardo / _c[recopilado por] Antonio Arrillaga Arriola. |
| 260 |
_aBilbao : _bJunta de Cultura de Vizcaya, _c1967 ( _fSanta Casa de Misericordia) |
||
| 300 |
_a672 p., [12] h. de lám. ; _c24 cm. |
||
| 600 | 1 | 4 |
_aIparraguirre, José María ( _d1820-1881) _9142033 |
| 710 | 2 |
_aJunta de Cultura de Vizcaya. _95386 |
|
| 852 |
_aES-MaACL _jC-56569 _bR.89247 |
||
| 852 |
_aES-MaACL _jC-46659 |
||
| 999 |
_c27067 _d27067 |
||